Early venetian legislation on ambassadors
Uloženo v:
| Hlavní autor: | |
|---|---|
| Médium: | Kniha |
| Jazyk: | angličtina latina italština |
| Vydáno: |
Ginebra
Droz
1966
|
| Edice: | Travaux d'Humanisme et Renaissance, 88
|
| Témata: | |
| Tagy: |
Přidat tag
Žádné tagy, Buďte první, kdo vytvoří štítek k tomuto záznamu!
|
MARC
| LEADER | 00000nam a2200000 a 4500 | ||
|---|---|---|---|
| 001 | UCT9334 | ||
| 003 | CL-VaPUC | ||
| 008 | 970404e19660000SZ |||||||||||||||||eng|d | ||
| 041 | 0 | 7 | |a eng |2 CL-VaPUC |
| 041 | 0 | 7 | |a lat |2 CL-VaPUC |
| 041 | 0 | 7 | |a ita |2 CL-VaPUC |
| 082 | 0 | 4 | |a 341.33 |b QUE |2 21 |
| 100 | 0 | |a Queller, Donald E |e author |9 381942 | |
| 245 | 1 | 0 | |a Early venetian legislation on ambassadors |
| 300 | |a 149 p | ||
| 942 | |c BK | ||
| 945 | |d 19970404 00:00:00 |a paguirre | ||
| 260 | |a Ginebra |b Droz |c 1966 | ||
| 650 | 0 | |a Derecho internacional |9 255637 | |
| 650 | 0 | |a Diplomacia |9 256483 | |
| 650 | 0 | |a Relaciones Internacionales |9 255740 | |
| 650 | 7 | |a INMUNIDAD DIPLOMATICA |2 CL-VaPUC |9 381806 | |
| 650 | 7 | |a DERECHOS INHERENTES AL ROL |2 CL-VaPUC |9 381943 | |
| 650 | 0 | |a Historia |9 255047 | |
| 651 | 7 | |a VENECIA |2 CL-VaPUC |9 268373 | |
| 651 | 0 | |a Italia |9 254949 | |
| 583 | |a last modification |c 19970404 00:00:00 |k Rodrigo Vera | ||
| 490 | 0 | |a Travaux d'Humanisme et Renaissance, 88 | |
| 999 | |c 257745 |d 257743 | ||
| 952 | |0 0 |1 0 |4 0 |6 341_330000000000000_QUE_1966 |7 0 |8 A |9 281390 |a BIBDER |b BIBDER |d 2019-11-19 |i 1820710 |o 341.33 QUE 1966 |p 1820710 |r 2023-01-25 |w 2019-11-19 |y BK |k DER | ||